000 00442nam a2200193Ia 4500
008 210210b1914 xxu||||| |||| 00| 0 eng d
041 _aeng
082 _a826/20
100 _aBINNS (H)
245 _aOutlines of the worlds literature
260 _aLondon
_bB Herder
_c1914
650 _aworlds
650 _athe
650 _aOutlines
650 _aof
650 _aliterature
690 _aHistory of Literature
906 _a015569
999 _c134957
_d134957